000
00340 a2200157 4500
001
61732
020
_a
040
_c
Anchieta - Pituba
100
_a
Gouveia, Luis Augusto C.
240
1
0
_a
Asas da imaginação
_l
por
245
1
0
_a
Asas da imaginação
300
_a
111
362
0
_a
2002
650
4
_a
Literatura juvenil
942
_c
BK
999
_c
61732
_d
61732